000 00294nam a22001337a 4500
008 180205b xxu||||| |||| 00| 0 eng d
020 _a0130130715557
041 _aeng
080 _a316
100 _a50
101 _aSOC
245 _aBECOMING OD PRACTITIONER
_cERIC.H.N
942 _2udc
_cBK
999 _c41740
_d41740